000 00422nam a2200181Ia 4500
005 20250423101248.0
008 250422s9999 xx 000 0 und d
020 _a1-4039-6136-0
050 _aBP 173.7. F85/
100 _aFuller, E. Graham
245 4 _aThe future of political Islam
260 _aNew York
260 _bPalGrave Macmillan
260 _c2003
300 _a227 p
650 _aIslam
942 _cBK
999 _c35784
_d35784